<?xml version="1.0" encoding="UTF-8"?>
<record
    xmlns:xsi="http://www.w3.org/2001/XMLSchema-instance"
    xsi:schemaLocation="http://www.loc.gov/MARC21/slim http://www.loc.gov/standards/marcxml/schema/MARC21slim.xsd"
    xmlns="http://www.loc.gov/MARC21/slim">

  <leader>02319nam a2200337   4500</leader>
  <controlfield tag="001">114145</controlfield>
  <controlfield tag="003">DR-UNIBE</controlfield>
  <controlfield tag="005">20260220062611.0</controlfield>
  <controlfield tag="008">251010b2025    dr ||||| |||| 00| 0 spa d</controlfield>
  <datafield tag="020" ind1=" " ind2=" ">
    <subfield code="a">9789945294699</subfield>
  </datafield>
  <datafield tag="040" ind1=" " ind2=" ">
    <subfield code="a">BIBLIOTECA UNIBE</subfield>
    <subfield code="c">BIBLIOTECA UNIBE</subfield>
    <subfield code="b">spa</subfield>
  </datafield>
  <datafield tag="041" ind1=" " ind2=" ">
    <subfield code="a">spa</subfield>
  </datafield>
  <datafield tag="082" ind1=" " ind2=" ">
    <subfield code="2">22</subfield>
    <subfield code="a">RD 339.7293 S232a</subfield>
  </datafield>
  <datafield tag="100" ind1="1" ind2="0">
    <subfield code="a">Santana Garc&#xED;a, F&#xE9;lix Antonio</subfield>
    <subfield code="e">autor</subfield>
    <subfield code="9">199658</subfield>
  </datafield>
  <datafield tag="245" ind1="1" ind2="0">
    <subfield code="a">Avatares econ&#xF3;micos y financieros /</subfield>
    <subfield code="c">F&#xE9;lix Antonio Santana Garc&#xED;a</subfield>
  </datafield>
  <datafield tag="250" ind1=" " ind2=" ">
    <subfield code="a">Primera edici&#xF3;n</subfield>
  </datafield>
  <datafield tag="260" ind1=" " ind2=" ">
    <subfield code="a">Santo Domingo :</subfield>
    <subfield code="b">[Editor no identificado],</subfield>
    <subfield code="c">2025</subfield>
  </datafield>
  <datafield tag="300" ind1=" " ind2=" ">
    <subfield code="a">280 p&#xE1;ginas ;</subfield>
    <subfield code="c">23 cm</subfield>
  </datafield>
  <datafield tag="505" ind1="0" ind2=" ">
    <subfield code="a">Pr&#xF3;logo |
Cap&#xED;tulo I. La deuda p&#xFA;blica |
Cap&#xED;tulo II. El presupuesto estatal |
Cap&#xED;tulo III. La pol&#xED;tica fiscal |
Cap&#xED;tulo IV. Los d&#xE9;ficits fiscales |
Cap&#xED;tulo V. Finanzas del gobierno |
Cap&#xED;tulo VI. Apreciaci&#xF3;n energ&#xE9;tica |
Cap&#xED;tulo VII. Banca y monedas |
Cap&#xED;tulo VIII. Dispendio y corrupci&#xF3;n |
Cap&#xED;tulo IX. Econom&#xED;a y competitividad |
Cap&#xED;tulo X. Tema inflacionario |
Cap&#xED;tulo XI. Bonos y pr&#xE9;stamos |
Cap&#xED;tulo XII. Impuestos y efectos</subfield>
  </datafield>
  <datafield tag="520" ind1="3" ind2=" ">
    <subfield code="a">Avatares Econ&#xF3;micos y Financieros condensa 69 art&#xED;culos en los cuales se ponderan t&#xF3;picos de alto inter&#xE9;s nacional e internacional relativos a la econom&#xED;a y las finanzas en torno a acontecimientos ocurridos en el per&#xED;odo 2014-2020, un per&#xED;odo caracterizado por tensiones fiscales acumuladas, reformas estructurales y el inicio de la pandemia del Covid-19. En ella se abordan temas como deuda p&#xFA;blica, gasto, inflaci&#xF3;n, recaudaci&#xF3;n y aranceles, estructurados en doce cap&#xED;tulos tem&#xE1;ticos que permiten al lector comprender la evoluci&#xF3;n de la econom&#xED;a desde una perspectiva t&#xE9;cnica y social.</subfield>
  </datafield>
  <datafield tag="650" ind1=" " ind2="7">
    <subfield code="2">lemb</subfield>
    <subfield code="a">Macroeconom&#xED;a</subfield>
    <subfield code="z">Rep&#xFA;blica Dominicana</subfield>
    <subfield code="9">1463</subfield>
  </datafield>
  <datafield tag="650" ind1=" " ind2="7">
    <subfield code="2">lemb</subfield>
    <subfield code="a">Econom&#xED;a</subfield>
    <subfield code="z">Rep&#xFA;blica Dominicana</subfield>
    <subfield code="9">1462</subfield>
  </datafield>
  <datafield tag="650" ind1=" " ind2="7">
    <subfield code="2">lemb</subfield>
    <subfield code="a">Finanzas</subfield>
    <subfield code="z">Rep&#xFA;blica Dominicana</subfield>
    <subfield code="9">5397</subfield>
  </datafield>
  <datafield tag="651" ind1=" " ind2="7">
    <subfield code="2">lemb</subfield>
    <subfield code="a">Rep&#xFA;blica Dominicana</subfield>
    <subfield code="x">Pol&#xED;tica econ&#xF3;mica</subfield>
    <subfield code="9">2897</subfield>
  </datafield>
  <datafield tag="651" ind1=" " ind2="7">
    <subfield code="2">lemb</subfield>
    <subfield code="a">Rep&#xFA;blica Dominicana</subfield>
    <subfield code="x">Condiciones econ&#xF3;micas</subfield>
    <subfield code="y">2014-2020</subfield>
    <subfield code="9">199692</subfield>
  </datafield>
  <datafield tag="655" ind1=" " ind2="7">
    <subfield code="2">lemb</subfield>
    <subfield code="a">Art&#xED;culos de prensa</subfield>
    <subfield code="9">199674</subfield>
  </datafield>
  <datafield tag="700" ind1=" " ind2=" ">
    <subfield code="a">Tejera, Eduardo J., </subfield>
    <subfield code="d">1947-</subfield>
    <subfield code="e">prologuista</subfield>
    <subfield code="9">49748</subfield>
  </datafield>
  <datafield tag="700" ind1="1" ind2=" ">
    <subfield code="a">L&#xF3;pez Reyes, Oscar</subfield>
    <subfield code="e">cuidado de edici&#xF3;n</subfield>
    <subfield code="9">199670</subfield>
  </datafield>
  <datafield tag="700" ind1="1" ind2=" ">
    <subfield code="a">D&#xED;az Mart&#xED;nez, Luis</subfield>
    <subfield code="e">corrector de estilo</subfield>
    <subfield code="9">199693</subfield>
  </datafield>
  <datafield tag="942" ind1=" " ind2=" ">
    <subfield code="2">ddc</subfield>
    <subfield code="c">BK</subfield>
  </datafield>
  <datafield tag="999" ind1=" " ind2=" ">
    <subfield code="c">114145</subfield>
    <subfield code="d">114145</subfield>
  </datafield>
  <datafield tag="952" ind1=" " ind2=" ">
    <subfield code="0">0</subfield>
    <subfield code="1">0</subfield>
    <subfield code="2">ddc</subfield>
    <subfield code="7">0</subfield>
    <subfield code="8">GEN-RD</subfield>
    <subfield code="a">Principal</subfield>
    <subfield code="d">2025-10-10</subfield>
    <subfield code="l">0</subfield>
    <subfield code="o">RD 339.7293 S232a</subfield>
    <subfield code="p">251050</subfield>
    <subfield code="r">2025-10-10 09:57:45</subfield>
    <subfield code="t">Ej. 1</subfield>
    <subfield code="w">2025-10-10</subfield>
    <subfield code="y">BK</subfield>
  </datafield>
</record>
